Tvorba online nástroja pre prístup k referenčným biometrickým databázam

Uložené v:
Podrobná bibliografia
Hlavný autor: Škopek, Radoslav (Autor)
Ďalší autori: Sopiak, Dominik (Vedúci práce)
Médium: Rukopis Kniha
Jazyk:Slovak
Vydavateľské údaje: 2018
Predmet:
On-line prístup:http://is.stuba.sk/zp/portal_zp.pl?podrobnosti=116145
Tagy: Pridať tag
Žiadne tagy, Buďte prvý, kto otaguje tento záznam!

MARC

LEADER 00000ntm a22000003a 4500
001 stuzp66881
003 SK-STU
005 20181130115327.4
007 ta
008 150427s2015----xo-----f-mn---000-0-slo-d
040 |a STU  |b slo 
041 0 |a slo 
044 |a xo 
100 1 |a Škopek, Radoslav  |u 035000  |4 aut  |U FEI Fakulta elektrotechniky a informatiky  |T FEI Ústav informatiky a matematiky  |X 74815  |U E050  |Y 816  |7 74815 
242 0 1 |a Creation of web tool for access to multimodal biometric datasets  |y eng 
245 1 0 |a Tvorba online nástroja pre prístup k referenčným biometrickým databázam 
260 |c 2018 
300 |a 36 s.,  |b CD-ROM 
650 4 |a Website  |2 eng 
650 4 |a Database  |2 eng 
650 4 |a Biometrics  |2 eng 
650 4 |a Biometria  |2 slo 
650 4 |a Webstránka  |2 slo 
650 4 |a Databáza  |2 slo 
700 1 |a Sopiak, Dominik  |u 035000  |k Z2  |4 ths  |U FEI Fakulta elektrotechniky a informatiky  |T FEI Ústav informatiky a matematiky  |X 64721  |U E050  |Y 816  |7 A000064721 
856 4 |u http://is.stuba.sk/zp/portal_zp.pl?podrobnosti=116145 
996 |b 284ER02787  |c E*Bc- 2787  |l EE35  |s P  |a 0  |w stuzp66881_0001